مكتبة جامعة عجلون الوطنية

فهرس بحث المكتبة

Normal view MARC view
  • مرعي، توفيق احمد، م. مشارك محمد محمود الحيلة

Entry Personal Name

Number of records used in: 1

001 - CONTROL NUMBER

  • control field: 60014

003 - CONTROL NUMBER IDENTIFIER

  • control field: JO-AjAnu

005 - DATE AND TIME OF LATEST TRANSACTION

  • control field: 20230606083817.0

008 - FIXED-LENGTH DATA ELEMENTS

  • fixed length control field: 230606|| aca||aabn | a|a d

040 ## - CATALOGING SOURCE

  • Original cataloging agency: JO-AjAnu
  • Transcribing agency: JO-AjAnu

100 ## - HEADING--PERSONAL NAME

  • Personal name: مرعي، توفيق احمد، م. مشارك محمد محمود الحيلة

670 ## - SOURCE DATA FOUND

  • Source citation: Work cat.: (JO-AjAnu)30604: مرعي، توفيق احمد، م. مشارك محمد محمود الحيلة, author, المناهج التربوية الحديثة: مفاهيمها-عناصرها-اسسها-عملياتها